000
00178nam a2200085Ia 4500
008
250605s9999 xx 000 0 und d
041
_a
eng
100
_a
Mukul Singh
245
_a
Sminq
999
_c
44738
_d
44738